|
|
|
|
| LEADER |
00000nam a2200000 a 4500 |
| 001 |
1/126430 |
| 008 |
230407s2022####cy | ||| |||| ||gre|| |
| 020 |
|
|
|a 9789605724870
|
| 040 |
|
|
|a GR-MyUa
|b gre
|c GR-MyUa
|e AACR2
|
| 041 |
0 |
|
|a gre
|
| 082 |
7 |
|
|a 889.92
|2 (23)
|
| 100 |
1 |
|
|a Χαραλαμπίδης, Κυριάκος,
|d 1940-
|
| 245 |
1 |
2 |
|a Η νύχτα των κήπων /
|c Κυριάκος Χαραλαμπίδης.
|
| 260 |
|
|
|a Λευκωσία :
|b Ίκαρος,
|c c2022.
|
| 300 |
|
|
|a 134 σ. ;
|c 24 εκ.
|
| 504 |
|
|
|a Περιλαμβάνει σημειώσεις.
|
| 650 |
|
0 |
|a Greek literature, Modern
|z Cyprus.
|
| 650 |
|
0 |
|a Greek poetry
|z Cyprus.
|
| 852 |
|
|
|a INST
|b RHODES
|e 20230407
|h 889.92 ΧΑΡ
|p 005400043502
|q 005400043502
|t BK
|y 0
|
| 970 |
|
|
|z 07-04-2023
|